Name the Anime Quiz Stats

 Plays Quiz not verified by Sporcle

Challenge
Share
Tweet
Score 0/63 Timer 20:00
0 Plays Today
% Correct
Attack on Titan
94.4%
Sailor Moon
93.3%
Black Butler
93.1%
Death Note
92.7%
Soul Eater
92.1%
Fullmetal Alchemist
91.2%
Free!
91.2%
Yugioh
90.6%
Toradora
88.6%
Sword Art Online
88.6%
Code Geass
87.8%
Ouran Highschool Host Club
87%
Your Lie in April
85.5%
Death Parade
84.8%
The Future Diary
84.2%
Assassination Classroom
84.2%
Noragami
82.7%
Angel Beats
82.1%
The Devil is a Part Timer
80.8%
Blue Exorcist
78.8%
Tokyo Ghoul
77.2%
Vampire Knight
73.5%
Seraph of the End
73.2%
Hetalia
70.9%
Fate Zero
69.7%
Psycho Pass
69.7%
Danganronpa
69.4%
Yona of the Dawn
68.5%
Blood Lad
68.4%
Nana
66.8%
Kaichou wa Maid-Sama
64.6%
Full Metal Panic
64.3%
% Correct
Fate Stay Night
63.4%
Fruits Basket
57%
The Familiar of Zero
55.9%
Kamisama Kiss
55.3%
Baccano
54.8%
Snow White with the Red Hair
54.8%
Romeo x Juliet
52.6%
K
49.5%
Monthly Girls’ Nozaki-kun
48.3%
Inu x Boku SS
48%
Say 'I Love You'
46.6%
Black Cat
44.5%
Yugioh GX
44.4%
Amnesia
44.1%
Princess Tutu
43.6%
Aldnoah.Zero
42.8%
Special A
40%
Brothers Conflict
37.2%
Yugioh Zexal
35.9%
Kaze no Stigma
34.7%
Yugioh 5D'S
31%
Dance with Devils
20.1%
Paradise Kiss
19.6%
La Storia Della Arcana Famiglia
18.6%
Red Data Girl
17.7%
Fushigi Yuugi
16.4%
The Vision of Escaflowne
15.4%
Hakuouki
14.8%
Shin Shirayuki-hime Densetsu Pretear
14.6%
Ayashi no Ceres
9.8%
The Story of Saiunkoku
8.5%

You're not logged in!

Compare scores with friends on all Sporcle quizzes.
Join for Free
OR
Log In

You Might Also Like...

Show Comments

Extras

Created Nov 16, 2016ReportNominate
Tags:Anime Quiz

Top Quizzes Today


Score Distribution

Your Account Isn't Verified!

In order to create a playlist on Sporcle, you need to verify the email address you used during registration. Go to your Sporcle Settings to finish the process.

Report this User

Report this user for behavior that violates our Community Guidelines.

Details: